[Event "BL2-West 2223"]
[Site "Germany"]
[Date "2023.03.18"]
[Round "9.8"]
[White "Oltmanns, Jan"]
[Black "Bohn, Thomas"]
[Result "0-1"]
[WhiteElo "2155"]
[BlackElo "2306"]
[PlyCount "44"]
[EventDate "2022.10.22"]
[EventType "team-tourn"]
[EventRounds "10"]
[EventCountry "GER"]
[SourceTitle "EXT 2024"]
[Source "ChessBase"]
[SourceDate "2023.10.10"]
[SourceVersion "1"]
[SourceVersionDate "2023.10.10"]
[SourceQuality "1"]
[WhiteTeam "Muelheim Nord II"]
[BlackTeam "Koblenz"]
[WhiteTeamCountry "GER"]
[BlackTeamCountry "GER"]

1. e4 e6 2. d4 d5 3. Nd2 c5 4. exd5 exd5 5. dxc5 Bxc5 6. Nb3 Bb6 7. Nf3 Nf6 8. Be2 0-0 9. 0-0 Nc6 10. Bf4 Ne4 11. c3 Qf6 12. Bg3 Re8 13. Re1 Be6 14. Nbd4 Rad8 15. Bb5 Bd7 16. Bh4 g5 17. Rxe4 dxe4 18. Nxg5 Nxd4 19. Bxd7 Rxd7 20. cxd4 Rxd4 21. Qe2 e3 22. Qh5 Qg6 0-1

[Event "BL2-West 1819"]
[Site "Germany"]
[Date "2019.03.24"]
[Round "8.8"]
[White "Bohn, Thomas"]
[Black "Limbourg, Philipp"]
[Result "1/2-1/2"]
[WhiteElo "2328"]
[BlackElo "2212"]
[PlyCount "80"]
[EventDate "2018.11.21"]
[EventType "team-tourn"]
[EventRounds "9"]
[EventCountry "GER"]
[SourceTitle "CBM 190 Extra"]
[Source "ChessBase"]
[SourceDate "2019.07.15"]
[SourceVersion "1"]
[SourceVersionDate "2019.07.15"]
[SourceQuality "1"]
[WhiteTeam "Koblenz"]
[BlackTeam "Muelheim Nord II"]
[WhiteTeamCountry "GER"]
[BlackTeamCountry "GER"]

1. f4 c5 2. Nf3 Nc6 3. e4 g6 4. Nc3 Bg7 5. Bc4 e6 6. f5 gxf5 7. d3 Nge7 8. 0-0 0-0 9. Ng5 f6 10. Nh3 fxe4 11. dxe4 Ne5 12. Be2 N7g6 13. Nf4 Nxf4 14. Bxf4 b6 15. Bxe5 fxe5 16. Rxf8+ Qxf8 17. Bc4 Qe7 18. Qg4 Bb7 19. Rd1 Kh8 20. Rd3 Rf8 21. Qd1 Bc6 22. Bb5 c4 23. Rd6 Bxb5 24. Nxb5 Bh6 25. h3 a6 26. Na3 Be3+ 27. Kh2 Bd4 28. Nxc4 b5 29. Rxd4 exd4 30. Qxd4+ Qg7 31. Ne5 d6 32. Qxd6 Rg8 33. Ng4 h5 34. Ne3 e5 35. g4 Qg5 36. Nf5 hxg4 37. Qxe5+ Kh7 38. Qc7+ Kh8 39. Qe5+ Kh7 40. Qc7+ Kh8 1/2-1/2

[Event "BL2-West 1718"]
[Site "Germany"]
[Date "2018.02.04"]
[Round "6.8"]
[White "Bohn, Thomas"]
[Black "Tkachuk, Sergij"]
[Result "1/2-1/2"]
[WhiteElo "2341"]
[BlackElo "2184"]
[PlyCount "147"]
[EventDate "2017.10.08"]
[EventType "team-tourn"]
[EventRounds "9"]
[EventCountry "GER"]
[SourceTitle "CBM 183 Extra"]
[Source "ChessBase"]
[SourceDate "2018.04.19"]
[SourceVersion "1"]
[SourceVersionDate "2018.04.19"]
[SourceQuality "1"]
[WhiteTeam "Koblenz"]
[BlackTeam "Bochum SG"]
[WhiteTeamCountry "GER"]
[BlackTeamCountry "GER"]

1. f4 d5 2. Nf3 e6 3. e3 c5 4. b3 f5 5. Bb2 Nf6 6. Ne5 Be7 7. Bb5+ Nbd7 8. Bxd7+ Bxd7 9. 0-0 0-0 10. d3 Be8 11. Nd2 Bh5 12. Qe1 Nd7 13. e4 Nxe5 14. Bxe5 Bf6 15. exd5 exd5 16. Qe3 Bxe5 17. Qxe5 Qd7 18. Rae1 Rfe8 19. Qc3 b6 20. d4 Rxe1 21. Rxe1 Re8 22. Re5 Rxe5 23. fxe5 Qb5 24. Qe3 cxd4 25. Qxd4 Qc5 26. c3 Kf7 27. b4 Qxd4+ 28. cxd4 g5 29. g3 Ke6 30. Kf2 h6 31. Nb1 Be8 32. Ke3 Bb5 33. a3 Be8 34. Nd2 Bh5 35. Nb1 Be8 36. Nc3 Bc6 37. Nd1 Be8 38. Nf2 Bh5 39. h3 Be8 40. Nd1 Ba4 41. Nc3 Bc6 42. b5 Be8 43. a4 Bf7 44. Nd1 Bh5 45. Nf2 Kd7 46. Kd2 Bf3 47. h4 Bg4 48. hxg5 hxg5 49. Nd3 Bh5 50. Nb4 Bf7 51. Ke3 Kc7 52. Nc6 a6 53. Ne7 axb5 54. axb5 Be6 55. Ng6 Bd7 56. Ne7 Be6 57. Ng6 Bd7 58. Ne7 Be6 59. Ng6 Bd7 60. Nf8 f4+ 61. gxf4 gxf4+ 62. Kxf4 Bxb5 63. Kf5 Bc6 64. Ne6+ Kc8 65. Nf4 Kd7 66. e6+ Ke7 67. Ke5 b5 68. Ng6+ Ke8 69. Nf4 b4 70. Nd3 b3 71. Kd6 Bb5 72. Nb2 Bc4 73. Na4 Bb5 74. Nb2 1/2-1/2

[Event "Oberliga Sued W 1415"]
[Site "Germany"]
[Date "2015.04.12"]
[Round "9.6"]
[White "Ledig, Horst"]
[Black "Bohn, Thomas"]
[Result "0-1"]
[WhiteElo "1791"]
[BlackElo "2338"]
[PlyCount "100"]
[EventDate "2014.09.21"]
[EventType "team-tourn"]
[EventRounds "9"]
[EventCountry "GER"]
[SourceTitle "EXT 2019"]
[Source "ChessBase"]
[SourceDate "2018.10.10"]
[SourceVersion "1"]
[SourceVersionDate "2018.10.10"]
[SourceQuality "1"]
[WhiteTeam "Mutterstadt"]
[BlackTeam "Koblenz SV"]
[WhiteTeamCountry "GER"]
[BlackTeamCountry "GER"]

1. d4 e6 2. e4 d5 3. e5 c5 4. c3 Qb6 5. Nf3 Bd7 6. a3 a5 7. Be2 a4 8. 0-0 Nc6 9. Ra2 Na5 10. Be3 Nh6 11. Bxh6 gxh6 12. Nbd2 cxd4 13. Nxd4 Bg7 14. f4 0-0 15. Kh1 f6 16. f5 fxe5 17. fxe6 Rxf1+ 18. Nxf1 Be8 19. Nf5 Qxe6 20. Nxg7 Kxg7 21. Ra1 Nb3 22. Rb1 Bc6 23. Ng3 Rf8 24. Bg4 Qg6 25. Bh5 Qg5 26. Qe2 Nd2 27. Re1 e4 28. Bg4 Nc4 29. Be6 Ne5 30. Rf1 Nd3 31. Rxf8 Kxf8 32. Qf1+ Qf4 33. Qxf4+ Nxf4 34. Bg4 Nd3 35. Kg1 Nxb2 36. Be2 Ke7 37. Kf2 Kd6 38. Nf5+ Kc5 39. Ne3 d4 40. cxd4+ Kxd4 41. Nf5+ Kc3 42. Nxh6 Kb3 43. Ke3 Kxa3 44. Kd2 Kb4 45. Kc2 Nc4 46. Nf5 b5 47. g4 Kc5 48. h4 b4 49. h5 b3+ 50. Kb1 a3 0-1

[Event "Oberliga Sued W 1415"]
[Site "Germany"]
[Date "2015.03.15"]
[Round "8.8"]
[White "Biehl, Tim"]
[Black "Bohn, Thomas"]
[Result "0-1"]
[WhiteElo "1963"]
[BlackElo "2338"]
[PlyCount "102"]
[EventDate "2014.09.21"]
[EventType "team-tourn"]
[EventRounds "9"]
[EventCountry "GER"]
[SourceTitle "EXT 2019"]
[Source "ChessBase"]
[SourceDate "2018.10.10"]
[SourceVersion "1"]
[SourceVersionDate "2018.10.10"]
[SourceQuality "1"]
[WhiteTeam "Saarbruecken SVG"]
[BlackTeam "Koblenz SV"]
[WhiteTeamCountry "GER"]
[BlackTeamCountry "GER"]

1. e4 e6 2. d4 d5 3. e5 c5 4. c3 Qb6 5. Nf3 Bd7 6. a3 a5 7. Bd3 Bb5 8. 0-0 Bxd3 9. Qxd3 Nd7 10. Nbd2 cxd4 11. cxd4 Ne7 12. Rb1 Nf5 13. g4 Ne7 14. b4 a4 15. Bb2 h5 16. h3 hxg4 17. hxg4 Ng6 18. Qe3 Be7 19. Kg2 Qb5 20. Rh1 Rxh1 21. Rxh1 Rc8 22. Rc1 Rxc1 23. Bxc1 Nb6 24. Kg3 Kd7 25. Nb1 Qf1 26. Qc3 Qh1 27. Qc2 Bh4+ 28. Nxh4 Qxh4+ 29. Kf3 Qh3+ 30. Ke2 Qxg4+ 31. Ke1 Nh4 32. Qc5 Nf3+ 33. Kf1 Nh2+ 34. Ke1 Qg1+ 35. Ke2 Qf1+ 36. Kd2 Qxf2+ 37. Kc3 Qf3+ 38. Kb2 Nc4+ 39. Ka1 Qf2 40. Qb5+ Kd8 41. Qxb7 Qxd4+ 42. Ka2 Nxe5 43. Bb2 Qc4+ 44. Ka1 Nd7 45. Bxg7 Nf3 46. Qa8+ Ke7 47. Qxa4 e5 48. Qd1 Nd4 49. Qh5 Qb3 50. Qg5+ Ke8 51. Bxe5 Nc2# 0-1

[Event "BL2-West 1314"]
[Site "Germany"]
[Date "2014.02.10"]
[Round "6.8"]
[White "Armbruster, Alexander"]
[Black "Bohn, Thomas"]
[Result "1-0"]
[WhiteElo "2299"]
[BlackElo "2350"]
[PlyCount "71"]
[EventDate "2013.10.13"]
[EventType "team-tourn"]
[EventRounds "9"]
[EventCountry "GER"]
[SourceTitle "EXT 2015"]
[Source "ChessBase"]
[SourceDate "2014.11.20"]
[SourceVersion "1"]
[SourceVersionDate "2014.11.20"]
[SourceQuality "1"]
[WhiteTeam "Godesberg"]
[BlackTeam "Koblenz"]
[WhiteTeamCountry "GER"]
[BlackTeamCountry "GER"]

1. c4 f5 2. g3 Nf6 3. Bg2 d6 4. Nc3 e5 5. d3 Be7 6. Nf3 0-0 7. 0-0 Qe8 8. Bg5 Nbd7 9. Rc1 Qh5 10. Bxf6 Nxf6 11. Nd5 Bd8 12. Nd2 Qh6 13. c5 dxc5 14. Nxf6+ Bxf6 15. Rxc5 c6 16. Qb3+ Kh8 17. Nc4 g5 18. Nxe5 Qg7 19. d4 f4 20. Rd1 Bd8 21. Rcc1 Bf6 22. Rc5 Bd8 23. e3 Bb6 24. Rc3 Qf6 25. exf4 Be6 26. Qc2 gxf4 27. Rf3 Qg7 28. gxf4 Rad8 29. f5 Bxd4 30. Rxd4 Rxd4 31. fxe6 Rxf3 32. Nxf3 Rg4 33. Ne1 Rg6 34. Qf5 Rg5 35. Qf4 h5 36. Kf1 1-0

[Event "BL2-West 1314"]
[Site "Germany"]
[Date "2013.11.10"]
[Round "2.8"]
[White "Bohn, Thomas"]
[Black "Ahn, Martin"]
[Result "1/2-1/2"]
[WhiteElo "2350"]
[BlackElo "2273"]
[PlyCount "82"]
[EventDate "2013.10.13"]
[EventType "team-tourn"]
[EventRounds "9"]
[EventCountry "GER"]
[SourceTitle "EXT 2015"]
[Source "ChessBase"]
[SourceDate "2014.11.20"]
[SourceVersion "1"]
[SourceVersionDate "2014.11.20"]
[SourceQuality "1"]
[WhiteTeam "Koblenz"]
[BlackTeam "Aachen SV"]
[WhiteTeamCountry "GER"]
[BlackTeamCountry "GER"]

1. f4 c5 2. Nf3 Nc6 3. e4 g6 4. d3 Bg7 5. Be2 e6 6. a4 Nge7 7. 0-0 d5 8. c3 0-0 9. Na3 c4 10. e5 cxd3 11. Bxd3 Qb6+ 12. Kh1 Rd8 13. Qe1 a6 14. Be3 Qc7 15. Qf2 Re8 16. Bb6 Qb8 17. Nc2 Bd7 18. a5 Nc8 19. Bc5 Nxa5 20. Rxa5 b6 21. Bxb6 Nxb6 22. Rfa1 Nc4 23. Bxc4 dxc4 24. Ne3 Bb5 25. Nd4 Qb7 26. Qh4 h5 27. h3 Rad8 28. Qg3 Rd7 29. Kh2 Kh7 30. Nec2 Bh6 31. h4 Qe4 32. Rf1 Rb8 33. Qf3 Qd3 34. Qf2 Qe4 35. g3 Bf8 36. Qg2 Qxg2+ 37. Kxg2 Bc5 38. Kf3 Bb6 39. Raa1 Kg7 40. Rfd1 Rbd8 41. Ke2 Bc5 1/2-1/2

[Event "BL2-West 1213"]
[Site "Germany"]
[Date "2013.02.03"]
[Round "6.8"]
[White "Bohn, Thomas"]
[Black "Lemmers, Oscar"]
[Result "1-0"]
[WhiteElo "2345"]
[BlackElo "2372"]
[PlyCount "59"]
[EventDate "2012.10.14"]
[EventType "team-tourn"]
[EventRounds "9"]
[EventCountry "GER"]
[SourceTitle "CBM 154 Extra"]
[Source "ChessBase"]
[SourceDate "2013.06.25"]
[SourceVersion "2"]
[SourceVersionDate "2013.06.25"]
[SourceQuality "1"]
[WhiteTeam "Koblenz"]
[BlackTeam "Aachen Aufwaerts"]
[WhiteTeamCountry "GER"]
[BlackTeamCountry "GER"]

1. f4 g6 2. Nf3 Bg7 3. d3 d5 4. g3 c6 5. Bg2 Bg4 6. Nbd2 Qb6 7. e4 dxe4 8. dxe4 Qe3+ 9. Qe2 Qxe2+ 10. Kxe2 Nd7 11. h3 Bxf3+ 12. Bxf3 Nh6 13. Nc4 0-0 14. Rd1 Nb8 15. e5 f6 16. e6 Nf5 17. g4 Nd6 18. Nxd6 exd6 19. Rxd6 f5 20. gxf5 gxf5 21. Be3 Na6 22. Rg1 Kh8 23. Bh5 Nc7 24. e7 Rfc8 25. Rxg7 Kxg7 26. Bd4+ Kg8 27. Rf6 Kg7 28. Rxf5+ Kh6 29. Bf7 Re8 30. Rh5# 1-0

[Event "BL2-West 1213"]
[Site "Germany"]
[Date "2012.12.09"]
[Round "4.8"]
[White "Bohn, Thomas"]
[Black "Hoellmann, Ludger"]
[Result "0-1"]
[WhiteElo "2345"]
[BlackElo "2157"]
[PlyCount "72"]
[EventDate "2012.10.14"]
[EventType "team-tourn"]
[EventRounds "9"]
[EventCountry "GER"]
[SourceTitle "CBM 154 Extra"]
[Source "ChessBase"]
[SourceDate "2013.06.25"]
[SourceVersion "2"]
[SourceVersionDate "2013.06.25"]
[SourceQuality "1"]
[WhiteTeam "Koblenz"]
[BlackTeam "Nordhorn Blanke"]
[WhiteTeamCountry "GER"]
[BlackTeamCountry "GER"]

1. f4 d5 2. Nf3 Nf6 3. e3 Bg4 4. h3 Bxf3 5. Qxf3 Nbd7 6. d4 g6 7. c4 e6 8. Nc3 c6 9. Bd3 Bg7 10. 0-0 0-0 11. Kh1 b6 12. Bd2 c5 13. cxd5 cxd4 14. exd4 Nxd5 15. Nxd5 exd5 16. Bb4 Re8 17. f5 Nf6 18. Ba6 Ne4 19. Rac1 Qd7 20. Qd3 Nd6 21. f6 Bh6 22. Rce1 Rxe1 23. Rxe1 Re8 24. Re5 Ne4 25. Kg1 Rxe5 26. dxe5 Qf5 27. Be1 Qxe5 28. Bb7 Nxf6 29. Bc3 Qe3+ 30. Qxe3 Bxe3+ 31. Kf1 d4 32. Bb4 Nh5 33. Bd6 Kg7 34. Ke2 Kf6 35. g3 Ke6 36. Bb8 a5 0-1

[Event "Oberliga Sued W 1112"]
[Site "Germany"]
[Date "2012.02.26"]
[Round "7"]
[White "Panfilenko, Wladimir"]
[Black "Bohn, Thomas"]
[Result "0-1"]
[WhiteElo "1889"]
[BlackElo "2340"]
[PlyCount "40"]
[EventDate "2011.09.25"]
[EventType "team-tourn"]
[EventRounds "9"]
[EventCountry "GER"]
[SourceTitle "EXT 2013"]
[Source "ChessBase"]
[SourceDate "2012.11.22"]
[SourceVersion "1"]
[SourceVersionDate "2012.11.22"]
[SourceQuality "1"]
[WhiteTeam "Saarbruecken Gambit"]
[BlackTeam "Koblenz"]
[WhiteTeamCountry "GER"]
[BlackTeamCountry "GER"]

1. d4 e6 2. c4 f5 3. g3 Nf6 4. Bg2 Be7 5. Nc3 0-0 6. d5 e5 7. Nf3 d6 8. 0-0 a5 9. Qc2 Qe8 10. b3 Na6 11. a3 Qh5 12. Ne1 f4 13. gxf4 exf4 14. Bxf4 Ng4 15. h3 Rxf4 16. hxg4 Rxg4 17. e3 Nc5 18. f3 Rg6 19. Ne2 Rh6 20. Nf4 Qe5 0-1

[Event "Oberliga Sued W 1112"]
[Site "Germany"]
[Date "2011.11.13"]
[Round "3"]
[White "Busemann, Stephan"]
[Black "Bohn, Thomas"]
[Result "0-1"]
[WhiteElo "2003"]
[BlackElo "2340"]
[PlyCount "64"]
[EventDate "2011.09.25"]
[EventType "team-tourn"]
[EventRounds "9"]
[EventCountry "GER"]
[SourceTitle "EXT 2013"]
[Source "ChessBase"]
[SourceDate "2012.11.22"]
[SourceVersion "1"]
[SourceVersionDate "2012.11.22"]
[SourceQuality "1"]
[WhiteTeam "Schwarzenbach"]
[BlackTeam "Koblenz"]
[WhiteTeamCountry "GER"]
[BlackTeamCountry "GER"]

1. e4 e6 2. d4 d5 3. Nc3 Nf6 4. e5 Nfd7 5. f4 c5 6. Nf3 Nc6 7. Be3 Qb6 8. Na4 Qa5+ 9. c3 cxd4 10. b4 Qc7 11. Nxd4 Nxd4 12. Bxd4 Nb8 13. Bd3 Nc6 14. Bf2 Bd7 15. 0-0 Be7 16. b5 Na5 17. b6 Qc6 18. Bc2 a6 19. Nb2 Qxc3 20. Na4 Qc6 21. Bd4 Rc8 22. Rf2 Nc4 23. Qd3 Na3 24. Bb3 0-0 25. Qf3 f6 26. Rd1 Nc4 27. Qe2 fxe5 28. fxe5 Rxf2 29. Bxf2 Qb5 30. Bd4 Qa5 31. Bc3 Bb4 32. Bd4 Bxa4 0-1

[Event "Oberliga Sued W 1112"]
[Site "Germany"]
[Date "2011.09.25"]
[Round "1"]
[White "Bohn, Thomas"]
[Black "Jurkic, Bosiljko"]
[Result "1-0"]
[WhiteElo "2340"]
[BlackElo "2090"]
[PlyCount "59"]
[EventDate "2011.09.25"]
[EventType "team-tourn"]
[EventRounds "9"]
[EventCountry "GER"]
[SourceTitle "EXT 2013"]
[Source "ChessBase"]
[SourceDate "2012.11.22"]
[SourceVersion "1"]
[SourceVersionDate "2012.11.22"]
[SourceQuality "1"]
[WhiteTeam "Koblenz"]
[BlackTeam "Schott Mainz II"]
[WhiteTeamCountry "GER"]
[BlackTeamCountry "GER"]

1. f4 b6 2. e4 Bb7 3. d3 d5 4. Nd2 e6 5. Ngf3 Nc6 6. c3 dxe4 7. dxe4 a6 8. a4 Nf6 9. e5 Nd5 10. Ne4 Nce7 11. Bd3 Nf5 12. Qe2 Be7 13. 0-0 Qd7 14. Bd2 0-0 15. g4 Nh6 16. h3 Rfd8 17. Bc2 a5 18. Rad1 Qe8 19. Ng3 Bc5+ 20. Kh2 Ne7 21. f5 Rxd2 22. Rxd2 Nd5 23. Nd4 exf5 24. gxf5 Ba6 25. Bd3 Bxd3 26. Rxd3 Qe7 27. Qe4 Bxd4 28. Rxd4 c6 29. c4 Nb4 30. f6 1-0

[Event "BL2-West 1011"]
[Site "Germany"]
[Date "2011.04.10"]
[Round "9.5"]
[White "Richter, Wolfgang"]
[Black "Bohn, Thomas"]
[Result "1/2-1/2"]
[WhiteElo "2399"]
[BlackElo "2350"]
[PlyCount "27"]
[EventDate "2010.10.10"]
[EventType "team-tourn"]
[EventRounds "9"]
[EventCountry "GER"]
[SourceTitle "EXT 2012"]
[Source "ChessBase"]
[SourceDate "2011.11.24"]
[SourceVersion "1"]
[SourceVersionDate "2011.11.24"]
[SourceQuality "1"]
[WhiteTeam "Bochum 31"]
[BlackTeam "Koblenz"]
[WhiteTeamCountry "GER"]
[BlackTeamCountry "GER"]

1. e4 e6 2. d4 d5 3. exd5 exd5 4. Nf3 Nf6 5. Bd3 Bd6 6. 0-0 0-0 7. Bg5 Bg4 8. Nbd2 Nbd7 9. c3 c6 10. Qc2 h6 11. Bh4 Re8 12. Rae1 Qc7 13. Bxf6 Nxf6 14. h3 1/2-1/2

[Event "BL2-West 1011"]
[Site "Germany"]
[Date "2011.02.06"]
[Round "6.7"]
[White "Wegener, Olaf"]
[Black "Bohn, Thomas"]
[Result "1-0"]
[WhiteElo "2429"]
[BlackElo "2350"]
[PlyCount "67"]
[EventDate "2010.10.10"]
[EventType "team-tourn"]
[EventRounds "9"]
[EventCountry "GER"]
[SourceTitle "EXT 2012"]
[Source "ChessBase"]
[SourceDate "2011.11.24"]
[SourceVersion "1"]
[SourceVersionDate "2011.11.24"]
[SourceQuality "1"]
[WhiteTeam "Dortmund Hansa"]
[BlackTeam "Koblenz"]
[WhiteTeamCountry "GER"]
[BlackTeamCountry "GER"]

1. e4 e6 2. d4 d5 3. Nd2 Nf6 4. e5 Nfd7 5. Bd3 c5 6. c3 Nc6 7. Ne2 Qb6 8. Nf3 cxd4 9. cxd4 f6 10. exf6 Nxf6 11. 0-0 Bd6 12. b3 0-0 13. Bf4 Bxf4 14. Nxf4 Nxd4 15. Nxd4 e5 16. Nxd5 Qxd4 17. Nc7 Bg4 18. Bc4+ Qxc4 19. bxc4 Bxd1 20. Nxa8 Be2 21. Rfe1 Bxc4 22. Rec1 b5 23. Nc7 Rf7 24. Na6 h6 25. a4 Nd5 26. axb5 Bxb5 27. Rc5 Bxa6 28. Rxa6 Rd7 29. Ra1 e4 30. Rd1 Nf6 31. Rxd7 Nxd7 32. Rc7 Nf6 33. Rxa7 Kh7 34. h3 1-0

[Event "BL2-West 1011"]
[Site "Germany"]
[Date "2010.12.12"]
[Round "4.7"]
[White "Heinatz, Thomas"]
[Black "Bohn, Thomas"]
[Result "1/2-1/2"]
[WhiteElo "2315"]
[BlackElo "2350"]
[PlyCount "130"]
[EventDate "2010.10.10"]
[EventType "team-tourn"]
[EventRounds "9"]
[EventCountry "GER"]
[SourceTitle "EXT 2012"]
[Source "ChessBase"]
[SourceDate "2011.11.24"]
[SourceVersion "1"]
[SourceVersionDate "2011.11.24"]
[SourceQuality "1"]
[WhiteTeam "Schoeneck"]
[BlackTeam "Koblenz"]
[WhiteTeamCountry "GER"]
[BlackTeamCountry "GER"]

1. e4 e6 2. d4 d5 3. Nc3 Nf6 4. Bg5 Be7 5. e5 Nfd7 6. h4 Bxg5 7. hxg5 Qxg5 8. Qd3 g6 9. Nf3 Qe7 10. 0-0-0 a6 11. Qe3 Nc6 12. Rh6 f5 13. g4 Nf8 14. gxf5 gxf5 15. Bh3 Bd7 16. Bxf5 0-0-0 17. Bd3 Rg8 18. a3 Be8 19. Kb1 Bg6 20. Na4 Nd7 21. Rdh1 Rdf8 22. Ne1 Qf7 23. R1h2 Qf4 24. R6h4 Qxe3 25. fxe3 Ne7 26. Ka2 Nf5 27. R4h3 b5 28. Nc3 c5 29. dxc5 Nxc5 30. e4 dxe4 31. Nxe4 Nxe4 32. Bxe4 Rd8 33. Rc3+ Kb8 34. Nd3 Rd4 35. Nc5 Ka7 36. Bf3 Re8 37. Nb3 Rc4 38. Rxc4 bxc4 39. Na5 Rc8 40. Rd2 Rc5 41. Nc6+ Kb6 42. Nb8 Rc7 43. Rd8 Re7 44. Nc6 Re8 45. Rd7 Rc8 46. Nd8 Rc7 47. Rxc7 Kxc7 48. Nxe6+ Kb6 49. Be4 Ne3 50. Bxg6 hxg6 51. Nd4 g5 52. Kb1 g4 53. Kc1 c3 54. bxc3 g3 55. a4 g2 56. Nf3 Nc4 57. e6 Kc6 58. Kd1 Nb2+ 59. Ke2 Nxa4 60. Kf2 Nc5 61. Nd4+ Kd6 62. Kxg2 Nxe6 63. Nxe6 Kxe6 64. Kf2 a5 65. Ke2 Kd5 1/2-1/2

[Event "Oberliga Sued W 0910"]
[Site "Germany"]
[Date "2010.03.21"]
[Round "8.4"]
[White "Moeldner, Juergen"]
[Black "Bohn, Thomas"]
[Result "0-1"]
[WhiteElo "2245"]
[BlackElo "2353"]
[PlyCount "74"]
[EventDate "2009.10.18"]
[EventType "team-tourn"]
[EventRounds "9"]
[EventCountry "GER"]
[SourceTitle "EXT 2011"]
[Source "ChessBase"]
[SourceDate "2010.11.26"]
[SourceVersion "1"]
[SourceVersionDate "2010.11.26"]
[SourceQuality "1"]
[WhiteTeam "Landau"]
[BlackTeam "Koblenz 25"]
[WhiteTeamCountry "GER"]
[BlackTeamCountry "GER"]

1. e4 e6 2. Nf3 d5 3. e5 Bd7 4. d4 c5 5. c3 Qb6 6. Be2 cxd4 7. cxd4 Bb5 8. Nc3 Bb4 9. 0-0 Bxc3 10. bxc3 Bxe2 11. Qxe2 Qa6 12. Qc2 Nc6 13. a4 Nge7 14. Ba3 Na5 15. Nd2 Nf5 16. Rfb1 b6 17. Qb2 f6 18. Re1 Kf7 19. Qc2 fxe5 20. Rxe5 g6 21. Rae1 Rhe8 22. Nf3 Nc4 23. Qe2 Qc8 24. Ng5+ Kg8 25. Rxe6 Rxe6 26. Nxe6 Nxa3 27. Qe5 Qd7 28. g4 Nh6 29. h3 Re8 30. f4 Nc4 31. Qf6 Qf7 32. Qxf7+ Nxf7 33. Kf2 Nfd6 34. Nc7 Rxe1 35. Kxe1 Nb2 36. Nxd5 Nxa4 37. Nc7 Nxc3 0-1

[Event "Oberliga Sued W 0910"]
[Site "Germany"]
[Date "2010.02.28"]
[Round "7.4"]
[White "Bohn, Thomas"]
[Black "Schluchter, Steffen"]
[Result "1-0"]
[WhiteElo "2353"]
[BlackElo "2153"]
[PlyCount "65"]
[EventDate "2009.10.18"]
[EventType "team-tourn"]
[EventRounds "9"]
[EventCountry "GER"]
[SourceTitle "EXT 2011"]
[Source "ChessBase"]
[SourceDate "2010.11.26"]
[SourceVersion "1"]
[SourceVersionDate "2010.11.26"]
[SourceQuality "1"]
[WhiteTeam "Koblenz 25"]
[BlackTeam "Mutterstadt"]
[WhiteTeamCountry "GER"]
[BlackTeamCountry "GER"]

1. f4 f5 2. e4 fxe4 3. d3 e3 4. d4 Nf6 5. Bxe3 e6 6. Nf3 b6 7. Bd3 Bb7 8. c3 Bd6 9. Qe2 Qe7 10. Nbd2 Nc6 11. Ne5 0-0-0 12. 0-0 Nd5 13. Ne4 Rdf8 14. Bd2 g6 15. a4 Kb8 16. b4 Bxe5 17. dxe5 h6 18. a5 g5 19. axb6 axb6 20. b5 Na5 21. fxg5 hxg5 22. Bxg5 Rxf1+ 23. Qxf1 Qh7 24. h4 Qh5 25. Be2 Qg6 26. Bf3 Qf5 27. Nf6 Nxf6 28. Bxf6 Rg8 29. Bxb7 Kxb7 30. Qxf5 exf5 31. h5 Nc4 32. h6 Rg6 33. h7 1-0

[Event "Oberliga Sued W 0910"]
[Site "Germany"]
[Date "2010.01.24"]
[Round "5.4"]
[White "Bohn, Thomas"]
[Black "Popitz, Andreas"]
[Result "0-1"]
[WhiteElo "2353"]
[BlackElo "2195"]
[PlyCount "84"]
[EventDate "2009.10.18"]
[EventType "team-tourn"]
[EventRounds "9"]
[EventCountry "GER"]
[SourceTitle "EXT 2011"]
[Source "ChessBase"]
[SourceDate "2010.11.26"]
[SourceVersion "1"]
[SourceVersionDate "2010.11.26"]
[SourceQuality "1"]
[WhiteTeam "Koblenz 25"]
[BlackTeam "Frankenthal"]
[WhiteTeamCountry "GER"]
[BlackTeamCountry "GER"]

1. f4 d5 2. Nf3 Nf6 3. e3 e6 4. b3 Be7 5. Bb2 0-0 6. Ne5 b6 7. Bd3 Bb7 8. 0-0 Nbd7 9. Rf3 Nxe5 10. Bxe5 Ne4 11. Rh3 g6 12. Qg4 Bf6 13. Nc3 Qe7 14. Bxe4 dxe4 15. Ne2 Rad8 16. Rd1 Rd5 17. c4 Rd7 18. Ng3 Rfd8 19. Nh5 Bh8 20. Rf1 Rxd2 21. Ng3 f5 22. Qxg6+ hxg6 23. Rxh8+ Kf7 24. Rh7+ Ke8 25. Rxe7+ Kxe7 26. h4 Rxa2 27. Kh2 Rdd2 28. Rg1 c6 29. Kh3 a5 30. h5 gxh5 31. Nxh5 Re2 32. Kh4 Rxg2 33. Rd1 Rad2 34. Rh1 Rg4+ 35. Kh3 Rd3 36. Re1 Rxb3 37. Nf6 Rg6 38. Nh5 Ba6 39. Rd1 Rxe3+ 40. Kh2 Rd3 41. Rb1 b5 42. cxb5 Bxb5 0-1

[Event "BL2-West 0809"]
[Site "Germany"]
[Date "2009.03.29"]
[Round "9.8"]
[White "Konings, Leon"]
[Black "Bohn, Thomas"]
[Result "0-1"]
[WhiteElo "2290"]
[BlackElo "2345"]
[PlyCount "42"]
[EventDate "2008.10.05"]
[EventType "team-tourn"]
[EventRounds "9"]
[EventCountry "GER"]
[SourceTitle "CBM 129 Extra"]
[Source "ChessBase"]
[SourceDate "2009.05.05"]
[SourceVersion "2"]
[SourceVersionDate "2009.05.20"]
[SourceQuality "1"]
[WhiteTeam "Koeln Porz"]
[BlackTeam "Koblenz"]
[WhiteTeamCountry "GER"]
[BlackTeamCountry "GER"]

1. d4 e6 2. e4 d5 3. Nc3 Nf6 4. e5 Nfd7 5. h4 c5 6. Nf3 Nc6 7. Bg5 Qb6 8. Na4 Qa5+ 9. c3 cxd4 10. b4 Qc7 11. cxd4 Bxb4+ 12. Bd2 Qa5 13. Rh3 Bxd2+ 14. Nxd2 Nxd4 15. f4 0-0 16. Bd3 f5 17. Rc1 b6 18. Rg3 Nc5 19. Nc3 Ba6 20. Bxa6 Qxa6 21. Nf1 Nb5 0-1

[Event "BL2-West 0809"]
[Site "Germany"]
[Date "2009.03.01"]
[Round "7.7"]
[White "Bohn, Thomas"]
[Black "Berg, Michael"]
[Result "0-1"]
[WhiteElo "2345"]
[BlackElo "2315"]
[PlyCount "74"]
[EventDate "2008.10.05"]
[EventType "team-tourn"]
[EventRounds "9"]
[EventCountry "GER"]
[SourceTitle "CBM 129 Extra"]
[Source "ChessBase"]
[SourceDate "2009.05.05"]
[SourceVersion "2"]
[SourceVersionDate "2009.05.20"]
[SourceQuality "1"]
[WhiteTeam "Koblenz"]
[BlackTeam "Solingen II"]
[WhiteTeamCountry "GER"]
[BlackTeamCountry "GER"]

1. f4 d5 2. Nf3 g6 3. d3 Nf6 4. e3 Bg7 5. Be2 c5 6. a4 Nc6 7. 0-0 0-0 8. Qe1 b6 9. Na3 Bb7 10. Bd1 a6 11. e4 dxe4 12. dxe4 Qc7 13. c3 e5 14. f5 gxf5 15. exf5 Nd5 16. f6 Bxf6 17. Bc2 Nce7 18. Bh6 Rfe8 19. Nc4 Ng6 20. Be4 b5 21. Ne3 Nxe3 22. Qxe3 Bxe4 23. Qxe4 Rad8 24. Ng5 Bxg5 25. Bxg5 Rd6 26. axb5 axb5 27. h4 Qd7 28. Rae1 Rde6 29. g3 Qc6 30. Qf5 f6 31. Bh6 e4 32. Be3 Ne5 33. Ra1 Nc4 34. Bh6 Qb7 35. Qg4+ Kh8 36. Kh2 Rg8 37. Bg7+ Qxg7 0-1